000
00342pab a2200157 454500
008
180718b2009 xxu||||| |||| 00| 0 eng d
100
_a
Kanwal, Gurmeet
245
_a
Modernising the Indian army
260
_c
2009
300
_a
p.28-32.
362
_a
Jul
650
_a
Armed forces
773
_a
Seminar
908
_a
N
909
_a
82946
999
_c
82946
_d
82946